Normal view
MARC view
- Schliessler, Andreas
Entry Personal Name
001 - CONTROL NUMBER
- control field: 19644
003 - CONTROL NUMBER IDENTIFIER
- control field: NUST
005 - DATE AND TIME OF LATEST TRANSACTION
- control field: 20190828064456.0
008 - FIXED-LENGTH DATA ELEMENTS
- fixed length control field: 190828|| aca||aabn | a|a d
040 ## - CATALOGING SOURCE
- Original cataloging agency: NUST
- Transcribing agency: NUST
100 ## - HEADING--PERSONAL NAME
- Personal name: Schliessler, Andreas
670 ## - SOURCE DATA FOUND
- Source citation: Work cat.: (NUST): Schliessler, Andreas, Poads a new aproachs for network mgnot /, 1992
